Ilusión y materialidad (Registro nro. 315504)

Detalles MARC
000 -ENCABEZADO
Número de control [NR] 00985nam a22002535i 4500
001 - NÚMERO DE CONTROL
control field 20794239
005 - FECHA Y HORA DE LA ÚLTIMA TRANSACCIÓN
control field 20191011084031.0
008 - DE LONGITUD FIJA DE DATOS DE ELEMENTOS - INFORMACIÓN GENERAL
Elementos de longitud fija [NR] 191011s2018 ck a 000 0 spa
020 ## - NUMERO INTERNACIONAL NORMALIZADO PARA LIBROS [R]
Número Internacional Normalizado del libro [NR] 9789587745733
035 ## - NUMERO DE CONTROL DEL SISTEMA [R]
Número de control del sistema [NR] (BO-CbLA)la1808R17188
040 ## - FUENTE DE CATALOGACION [NR]
Agencia de catalogación original [NR] CO-BoUCM
Idioma de catalogación [NR] spa
Quien Cataloga Saul Niño
Quien Clasifica Saul Niño
041 0# - CODIGO DE IDIOMA [R]
Código de idioma para texto/pista de sonido o título separado [R] Español
245 00 - MENCION DE TITULO [NR]
Título [NR] Ilusión y materialidad
Parte restante del título [NR] perspectivas sobre el archivo
Mención de responsabilidad, etc. [NR] Jerónimo Pizarro, Diana Paola Guzmán, (comps.)
260 ## - PUBLICACION, DISTRIBUCION, ETC. (PIE DE IMPRENTA) [R]
Lugar de publicación, distribución, etc. [R] Bogotá (Colombia)
Nombre del editor, distribuidor, etc. [R] Universidad de Los Andes, Facultad de Artes y Humanidades, Departamento de Humanidades y Literatura
Fecha de publicación, distribución, etc. [R] 2018
300 ## - DESCRIPCION FISICA [R]
Extensión [R] xxiii, 396 páginas
650 #7 - ASIENTO SECUNDARIO DE MATERIA - TERMINO TEMATICO [R]
Término temático o nombre geográfico como elemento de entrada [NR] Literatura
Subdivisión general [R] Historia y crítica
9 (RLIN) 39437
650 #7 - ASIENTO SECUNDARIO DE MATERIA - TERMINO TEMATICO [R]
9 (RLIN) 97
Término temático o nombre geográfico como elemento de entrada [NR] Archivos
650 #7 - ASIENTO SECUNDARIO DE MATERIA - TERMINO TEMATICO [R]
9 (RLIN) 18643
Término temático o nombre geográfico como elemento de entrada [NR] Literatura e historia
650 #7 - ASIENTO SECUNDARIO DE MATERIA - TERMINO TEMATICO [R]
9 (RLIN) 25281
Término temático o nombre geográfico como elemento de entrada [NR] Teoría de la literatura
700 10 - ASIENTO SECUNDARIO - NOMBRE PERSONAL [R]
Nombre personal [NR] Pizarro, Jerónimo
Término de relación [R] compilador
9 (RLIN) 98768
700 10 - ASIENTO SECUNDARIO - NOMBRE PERSONAL [R]
Nombre personal [NR] Guzmán, Diana Paola
Término de relación [R] compilador
9 (RLIN) 98769
942 ## - ELEMENTOS DE ENTRADA AGREGADOS (KOHA)
Sistema de clasificación DEWEY
Tema principal Historia
Tipo de ítem principal el descrito en 300a Libro
Edición 1
Clasificación 809
Parte restante de la signatura top. I299m
Existencias
Signatura topográfica Código de barras Última vez visto Ejemplar Costo de reposición Price effective from Tipo de ítem Perdido Sistema de clasificación Dañado No prestable Tipo de ítem específico Suprimido Ubicación habitual Ubicación actual Localización Fecha de creación Proveedor Forma de adquisición Costo
809 I299m 100164402 09/12/2025 Ej.1 35750.00 04/10/2019 Libro   DEWEY     Libro   Claustro Claustro 2do piso 04/10/2019 35 Compra 35750.00